Introduction to computational Biology:Maps, sequences and genomes (Record no. 2095)
[ view plain ]
| 000 -LEADER | |
|---|---|
| fixed length control field | 00433nam a2200145Ia 4500 |
| 008 - FIXED-LENGTH DATA ELEMENTS--GENERAL INFORMATION | |
| fixed length control field | 130318s9999 xx 000 0 und d |
| 020 ## - INTERNATIONAL STANDARD BOOK NUMBER | |
| International Standard Book Number | 412993910 |
| 082 ## - DEWEY DECIMAL CLASSIFICATION NUMBER | |
| Classification number | 570.285 WAT/I;1 |
| 100 ## - MAIN ENTRY--PERSONAL NAME | |
| Personal name | Waterman, Michel S |
| 245 ## - TITLE STATEMENT | |
| Title | Introduction to computational Biology:Maps, sequences and genomes |
| 260 ## - PUBLICATION, DISTRIBUTION, ETC. | |
| Name of publisher, distributor, etc. | CRC Press |
| Place of publication, distribution, etc. | Florida |
| Date of publication, distribution, etc. | 1995 |
| 300 ## - PHYSICAL DESCRIPTION | |
| Extent | 431 |
| 650 ## - SUBJECT ADDED ENTRY--TOPICAL TERM | |
| Topical term or geographic name entry element | COMPUTATIONAL BIOLOGY |
| 650 ## - SUBJECT ADDED ENTRY--TOPICAL TERM | |
| Topical term or geographic name entry element | MATHEMATICAL APPLICATIONS IN BIOLOGY |
| Withdrawn status | Lost status | Damaged status | Not for loan | Collection code | Home library | Current library | Shelving location | Date acquired | Cost, normal purchase price | Total Checkouts | Full call number | Barcode | Date last seen | Price effective from | Koha item type |
|---|---|---|---|---|---|---|---|---|---|---|---|---|---|---|---|
| Computational Biology | Kerala University of Digital Sciences, Innovation and Technology Knowledge Centre | Kerala University of Digital Sciences, Innovation and Technology Knowledge Centre | Bioinformatics | 18/03/2013 | 4310.00 | 570.285 WAT/I;1 | 2112 | 18/03/2013 | 18/03/2013 | Books |